000 00377nam a2200121Ia 4500
008 151213s9999 xx 000 0 und d
245 _aBangladesh Standard Industrial Classification Of All Economics Activities - 2001
260 _aBangladesh
_bBangladesh Bureau Of Statistics
_c2002
300 _a1590 p.
650 _aEconomics
650 _aEconomics Reference
999 _c1212
_d1212